[Event "EU-chT Seniors 05th"]
[Site "Dresden"]
[Date "2003.02.28"]
[Round "6.4"]
[White "Munro, Donald"]
[Black "Siegmund, Rainer"]
[Result "1/2-1/2"]
[WhiteElo "1848"]
[BlackElo "2111"]
[PlyCount "81"]
[EventDate "2003.02.23"]
[EventType "team-swiss"]
[EventRounds "7"]
[EventCountry "GER"]
[SourceTitle "EXT 2005"]
[Source "ChessBase"]
[SourceDate "2004.11.15"]
[SourceVersion "1"]
[SourceVersionDate "2004.11.15"]
[SourceQuality "1"]

1. c4 c5 2. g3 Nc6 3. Bg2 g6 4. Nc3 Bg7 5. e4 e5 6. Nge2 Nge7 7. 0-0 d6 8. a3 0-0 9. Rb1 a5 10. Nb5 Be6 11. d3 Qd7 12. Be3 f5 13. f3 h6 14. Qd2 Kh7 15. Nec3 Nd4 16. Bxd4 exd4 17. Na4 Ra6 18. exf5 Nxf5 19. Bh3 Ne3 20. Bxe6 Qxe6 21. Rbe1 Qd7 22. Rf2 Qc6 23. Rxe3 dxe3 24. Qxe3 Raa8 25. Qe4 Rae8 26. Qd5 Qxd5 27. cxd5 Bd4 28. Nxd4 cxd4 29. Nb6 Re3 30. f4 Rxd3 31. Nc4 Rf5 32. Re2 Rxd5 33. Re7+ Kg8 34. Rxb7 Rc5 35. b3 d5 36. Ne5 Rc1+ 37. Kg2 Rd2+ 38. Kh3 d3 39. Rd7 Rc3 40. Ng4 h5 41. Nf6+ 1/2-1/2